Najmłodsze kraje na świecie - Statystyki

Ogólne statystyki
  • Ten quiz został rozwiązany 46 razy
  • Średni wynik to 22 z 34
Statystyki odpowiedzi
Rok powstania Nazwa kraju % Poprawnych
1991 Ukraina
92%
2008 Kosowo
89%
1991 Estonia
86%
1991 Kazachstan
86%
1990 Litwa
86%
1990 Łotwa
86%
2006 Serbia
86%
1992 Bośnia i Hercegowina
84%
2006 Czarnogóra
84%
1991 Białoruś
81%
1991 Chorwacja
81%
1991 Macedonia Północna
78%
1991 Mołdawia
78%
1991 Słowenia
78%
2011 Sudan Południowy
78%
1991 Tadżykistan
78%
1991 Turkmenistan
78%
1993 Czechy
76%
1991 Kirgistan
76%
1991 Rosja
76%
1993 Słowacja
76%
1991 Gruzja
73%
1991 Azerbejdżan
70%
1991 Uzbekistan
70%
1991 Armenia
68%
1991 Niemcy
57%
2002 Timor Wschodni
49%
1993 Erytrea
38%
1994 Palau
22%
1984 Brunei
16%
1983 Saint Kitts i Nevis
14%
1986 Wyspy Marshalla
14%
1991 Jemen
5%
1986 Mikronezja
5%
Nie znaleziono quizów pasujących do podanych kryteriów
Rozkład punktacji
Procent ludzi z każdym wynikiem
Percentyl według liczby udzielonych odpowiedzi
Twoja historia wyników
Nie rozwiązałeś tego quizu